000 00962cam a22002651 4500
001 sa 64004822
003 DLC
005 20260227112028.0
008 840920s1963 ii b b f100 0 eng
010 _asa 64004822
025 _aPL480:I-E-2596
040 _aDLC/ICU
_cICU
_dDLC
043 _aa-ii---
050 0 0 _aQ127.I4
_bS9 1961
111 2 _aSymposium on the History of Sciences in India
_d(1961 :
_cCalcutta, India)
245 0 0 _aProceedings.
260 _aNew Delhi,
_bNational Institute of Sciences of India,
_c1963.
300 _aviii, 343 p.
_bmaps (1 fold. col.)
_c25 cm.
490 1 _aNational Institute of Sciences of India. Bulletin,
_vno. 21
500 _aSymposium organised by the National Institute of Sciences of India.
504 _aIncludes bibliographies.
650 0 _aScience
_zIndia
_xHistory.
710 2 _aNational Institute of Sciences of India.
830 0 _aBulletin of the National Institute of Sciences of India ;
_vno. 21.
999 _c58774
_d58774